Sports Quiz

Random Sports Quiz
Score 0/12 Timer 03:00
0 Plays Today
Random Fact (2) Sport (2) % Correct
paddles, table, netPing Pong
100%
sticks and an 8 ballPool
100%
Pins (You don't need anything else to figure this out)Bowling
100%
European sport Football is based off ofRugby
94.7%
Boats and windSailing
89.5%
Rod, worms (or worm substitute), bass pro shopsFishing
89.5%
Balance beams, flips, trampolines, dismounts, ringsGymnastics
89.5%
Tour De FranceCycling
84.2%
Tae Kwon Do, Karate, Kung Fu, JudoMartial Arts
78.9%
'He's making a left turn. Oh my god he's making another left turn I wonder what the f**k going to happen next!'Nascar
78.9%
Snow, the answer is not skiingSnowboarding
73.7%
Rowing (Don't argue, this is actually a sport)Crew
52.6%
Remove Ads.
Support Sporcle.
Get the best of Sporcle when you Go Orange. This ad-free experience offers more features, more stats, and more fun while also helping to support Sporcle. Thank you for becoming a member.

You're not logged in!

Compare scores with friends on all Sporcle quizzes.
OR
Log In

Show Comments

Extras

Created Jun 29, 2012ReportNominate
Tags:name, Sporting Events

Top Quizzes Today


Score Distribution

Your Account Isn't Verified!

In order to create a playlist on Sporcle, you need to verify the email address you used during registration. Go to your Sporcle Settings to finish the process.

Report this User

Report this user for behavior that violates our Community Guidelines.

Details: